000
00308nam a2200121Ia 4500
008
240624s9999 xx 000 0 und d
041
_a
eng
082
_a
793.73 RAG
100
_a
RAGHVENDRA M K
245
_a
50 INDIAN FILM CLASSICS
260
_c
2009
_a
New Delhi
_b
Harper Collins Publishers
365
_c
RS
_b
20
999
_c
15372
_d
15372